| 000 | 00848nam a2200277 a 4500 | ||
|---|---|---|---|
| 001 | 66316 | ||
| 003 | BD-RjUL | ||
| 005 | 20211209081525.0 | ||
| 008 | 170315s2004 enka b 000 0 eng | ||
| 020 | _a0749441186 | ||
| 035 | _a(BD-RjUL)66446 | ||
| 040 |
_aDLC _cDLC _dBD-RjUL _beng |
||
| 041 | _aeng | ||
| 082 | 0 | 0 |
_a153.93 _223 _bCAI 2004 |
| 100 | 1 |
_aCarter, Philip J. _9196280 |
|
| 245 | 1 | 0 |
_aIQ and psychometric tests : _bassess your personality, aptitude, and intelligence / _cPhilip Carter. |
| 250 | _a1st ed. | ||
| 260 |
_aLondon ; _bKogan Page Ltd., _c2004. |
||
| 300 |
_aviii, 263 p. : _bill. ; _c22 cm. |
||
| 504 | _aIncludes bibliographical references | ||
| 650 | 0 |
_aIntelligence tests. _9196281 |
|
| 650 | 0 |
_aPersonality tests. _9181218 |
|
| 650 | 0 |
_aSelf-evaluation. _9196282 |
|
| 942 |
_2ddc _cBK |
||
| 999 |
_c66316 _d66316 |
||